Guía integral de nóminas 2013. Régimen Fiscal (Registro nro. 162748)
[ vista simple ]
| 000 -LEADER | |
|---|---|
| fixed length control field | 01061nam a22002417a 4500 |
| 007 - PHYSICAL DESCRIPTION FIXED FIELD--GENERAL INFORMATION | |
| fixed length control field | cr|||| |||| |
| 008 - FIXED-LENGTH DATA ELEMENTS--GENERAL INFORMATION | |
| fixed length control field | 130708s2013 mx |||||s|||| 00| 0 spa d |
| 035 ## - | |
| -- | 11341 |
| 040 ## - CATALOGING SOURCE | |
| Original cataloging agency | vLex |
| 090 ## - | |
| -- | 4383 |
| -- | 4383 |
| 100 1# - MAIN ENTRY--PERSONAL NAME | |
| Personal name | Bornacini Hervella, Honoré A. |
| 245 10 - TITLE STATEMENT | |
| Title | Guía integral de nóminas 2013. Régimen Fiscal |
| Medium | [Recurso electrónico] / |
| Statement of responsibility, etc | Honoré A. Bornacini Hervella |
| 256 ## - | |
| -- | Servicio en línea |
| 260 ## - PUBLICATION, DISTRIBUTION, ETC. (IMPRINT) | |
| Place of publication, distribution, etc | México D.F: |
| Name of publisher, distributor, etc | México Fiscal, |
| Date of publication, distribution, etc | 2013 |
| 300 ## - PHYSICAL DESCRIPTION | |
| Extent | 1 recurso electrónico |
| 506 1# - RESTRICTIONS ON ACCESS NOTE | |
| Terms governing access | Contenido solo disponible en los productos indicados |
| Authorized users | vLex Global |
| -- | vLex Global (Academic Edition, excluding Law Schools) |
| -- | vLex Global (U.S. Academic Edition, Law Schools) |
| -- | vLex Global (U.S. Academic Edition, excluding Law Schools) |
| -- | vLex Global (Academic Edition, Law Schools) |
| 650 04 - SUBJECT ADDED ENTRY--TOPICAL TERM | |
| Topical term or geographic name as entry element | Derecho fiscal |
| Geographic subdivision | México |
| 650 04 - SUBJECT ADDED ENTRY--TOPICAL TERM | |
| Topical term or geographic name as entry element | Nominas |
| Geographic subdivision | México |
| 740 0# - | |
| -- | vLex Libros (Servicio en línea) |
| 856 40 - LOCALIZACIÓN Y ACCESO ELECTRÓNICO | |
| Identificador Uniforme del Recurso (URI/URL) | https://app.vlex.com/#/sources/guia-integral-nominas-2013-regimen-fiscal-11341 |
| 942 ## - | |
| -- | RAA |
| 999 ## - | |
| -- | 162748 |
| -- | 162748 |
No hay ítems disponibles.